The limits of mathematics : a course on information theory and the limits of formal reasoning

Αποθηκεύτηκε σε:
Λεπτομέρειες βιβλιογραφικής εγγραφής
Κύριος συγγραφέας: Chaitin, Gregory J.
Μορφή: Βιβλίο
Γλώσσα:English
Δημοσίευση: Singapore : Springer, c1998
Σειρά:Springer series in discrete mathematics and theoretical computer science
Θέματα:
Ετικέτες: Προσθήκη ετικέτας
Δεν υπάρχουν, Καταχωρήστε ετικέτα πρώτοι!

MARC

LEADER 00000nam a2200000 i 4500
001 1/23975
008 011114s1998 eng d
020 |a 981-3083-59-X 
035 |l 10067770 
040 |a GR-MY-UA  |b gre  |e aacr 
041 0 |a eng 
082 0 |a 511.3 
100 1 |a Chaitin, Gregory J. 
245 1 4 |a The limits of mathematics :  |b a course on information theory and the limits of formal reasoning /  |c Gregory J. Chaitin 
260 |a Singapore :   |b Springer,   |c c1998 
300 |a ix, 148 p.;  |c 25 cm. 
490 1 |a Springer series in discrete mathematics and theoretical computer science 
504 |a Includes bibliographical references 
650 0 0 |a Computer science  |x Mathematics. 
650 0 0 |a Information theory. 
650 0 0 |a Reasoning. 
830 0 |a Springer series in discrete mathematics and theoretical computer science 
852 |a INST  |b SYROS  |e 20020109  |h 511.3 CHA  |p 005500000622  |q 005500000622  |t BK  |y 0 
852 |a INST  |b SYROS  |e 20011114  |h 511.3 CHA  |p 005500000751  |q 005500000751  |t BK  |y 0 
901 |a BIBL5-2001-3 
909 |a Ε  |b 088854 
909 |a Ε  |b 088725 
922 |a 5ΕΛΗ  |b 2001/08  |c ΕΠΕΑΕΚ2/183  |d ΠΑΠΑΣΩΤΗΡΙΟΥ 
970 |z 2002/01/09 
970 |a ΚΟΝΤΟΥ  |b ΠΑΡΑΣΚΕΥΗ  |z 2001/10/14